Lancashire Hotpots All Albums - Statistics

General Stats
  • This quiz has been taken 5 times
  • The average score is 56 of 144
Answer Stats
Album Answer % Correct
Never Mind The Hotpots Chippy Tea
100%
Never Mind The Hotpots He's Turned Emo
100%
Never Mind The Hotpots Shopmobility Scooter
100%
Never Mind The Hotpots | Ricardo Autobahn Remix A Lancashire DJ
80%
A Fistful of Scratchcards Country Courtin'
80%
Now't Like the Eighties Do the Dad Dance
80%
Never Mind The Hotpots Ebay 'eck
80%
Ricardo Autobahn Remix Egg, Sausage, Chips and Beans
80%
Now't Like the Eighties Egg, Sausage, Chips & Beans
80%
Criminal Record Hardcore Quornography
80%
Pot Sounds I Fear Ikea
80%
Ricardo Autobahn Remix | Singalonga Knees Up Jamboree Lean Forwards, Lean Backwards
80%
Achtung Gravy Mek Us a Brew
80%
Ricardo Autobahn Remix | Save Christmas O Come All Ye Faithful
80%
Criminal Record Perks of the Job
80%
Crust For Life Purple Zone
80%
Crust For Life The Baking Song
80%
Pot Sounds The Girl from Bargain Booze
80%
A Hard Days Pint The Girl From Bargain Booze
80%
Crust For Life The Wigan Church of Pies
80%
Achtung Gravy You Could Get Hit By a Bus Tomorrow
80%
Now't Like the Eighties Black Friday
60%
Christmas Cracker Carry You Home
60%
Christmas Cracker | Never Mind The Hotpots | Save Christmas Christmas in Lancashire
60%
A Hard Days Pint Did Your Spill My Pint
60%
Never Mind The Hotpots Dolby 5.1
60%
Too Much Too Old Gravy
60%
Singalonga Knees Up Jamboree Has the Bin Man Bin Mon?
60%
Criminal Record Identity Fraud
60%
Never Mind The Hotpots I Met a Girl on Myspace
60%
Crust For Life I'm Going to Poundland
60%
Criminal Record Landlord, Lock the Door
60%
A Fistful of Scratchcards Nan's Blue Disabled Badge
60%
A Hard Days Pint No Lock On The Door
60%
Singalonga Knees Up Jamboree P.O.L.K.A
60%
Crust For Life 'Pots on Pots
60%
Criminal Record Released Without Charge
60%
Criminal Record Sniffling Next Doors Broadband
60%
Now't Like the Eighties Stop in the Name of Fudge
60%
A Hard Days Pint The Beer Festival
60%
A Hard Days Pint | Pot Sounds The Beer Olympics
60%
A Hard Days Pint The Perfect Pint
60%
A Fistful of Scratchcards Thirsty Thursday
60%
Never Mind The Hotpots This Lancashire Town
60%
Singalonga Knees Up Jamboree This Meat Pie of Mine
60%
Crust For Life Tissue in the Wash
60%
Pot Sounds Uncle Bernard
60%
Crust For Life Wowzers Me Trousers
60%
Now't Like the Eighties 6784
40%
Too Much Too Old Breakfast Dinner Tea
40%
Achtung Gravy Cash in Hand
40%
Achtung Gravy Cottaging
40%
Now't Like the Eighties Dibnah
40%
Pot Sounds Don't Make the Polar Bears Cry
40%
Now't Like the Eighties Don't Put Your Granny on the Internet
40%
Now't Like the Eighties Do the Dad Dance - 12 inch Mix
40%
Achtung Gravy Has Anybody Seen My Dongle?
40%
Achtung Gravy Hip Meddow
40%
Criminal Record I'd Take the Cars Off 'Em
40%
Singalonga Knees Up Jamboree I'll Drive There, You Drive Back
40%
A Fistful of Scratchcards In the Cloud
40%
Save Christmas I've Got Custody This Christmas
40%
Pot Sounds Keys Wallet Phone
40%
Now't Like the Eighties Last Can Blues
40%
A Hard Days Pint Lets Get Leathered
40%
Too Much Too Old Non Competitive Football Song
40%
Too Much Too Old O'Reet Owdoo Sithee Latter Cocker
40%
Christmas Cracker Phew, What a Schorcher
40%
Singalonga Knees Up Jamboree The Austerity Blues
40%
A Hard Days Pint The Barmaids Baps
40%
Never Mind The Hotpots The Firewall Song
40%
A Fistful of Scratchcards The Tay-Barn Dance
40%
Crust For Life The Technical Support Song
40%
Save Christmas Those Old Christmas Songs
40%
Save Christmas Tuck Into My Christmas Buffet
40%
Save Christmas Twelve Hotpotting Days of Christmas
40%
Crust For Life We Love the North
40%
Now't Like the Eighties What's up Hun?
40%
Save Christmas Auld Lang Syne
20%
Too Much Too Old Big Fish, Small Fish, Bad of Chips
20%
A Hard Days Pint | Never Mind The Hotpots Bitter Lager Cider Ale Stout
20%
Pot Sounds BOGOFF
20%
Singalonga Knees Up Jamboree Bottles Bottles Everywhere
20%
A Fistful of Scratchcards Cheer up Thom Yorke
20%
Singalonga Knees Up Jamboree Chippy Tea - Rock & Sausage Roll Version
20%
Christmas Cracker Christmas Number One
20%
Criminal Record Cinema Smugglers
20%
Save Christmas Crack Another Christmas Can
20%
Pot Sounds Dierdre
20%
Pot Sounds ESC, ALT & F4
20%
A Fistful of Scratchcards Frozen Prison Blues
20%
Singalonga Knees Up Jamboree Get Whistling
20%
A Fistful of Scratchcards Heartburn
20%
Save Christmas Hotpotting Merry Christmas
20%
A Hard Days Pint If I Had a TARDIS
20%
Pot Sounds I Heart YouTube
20%
A Hard Days Pint I'll 'Ave One Wi' Yer
20%
Achtung Gravy I'll 'Ave One Wi' Yet
20%
Singalonga Knees Up Jamboree It'll Be Reet
20%
Now't Like the Eighties It's a Barmcake
20%
A Hard Days Pint It's the Beer Talking
20%
Crust For Life It Were a Brilliant Night
20%
Now't Like the Eighties Lancashire's for Me
20%
A Hard Days Pint Last Man Standing
20%
Crust For Life My Wife is an Ann Summers Rep
20%
Save Christmas Santa Claus Is COVID Secure
20%
Christmas Cracker Santa Eckerslike
20%
Achtung Gravy Three Rings
20%
Save Christmas Tofu Christmas
20%
Singalonga Knees Up Jamboree Waiting in for the Man
20%
Save Christmas Carry You Home - Fireside Version
0%
Pot Sounds Chav
0%
Christmas Cracker Christmas Health & Safety Considerations
0%
A Hard Days Pint Designated Driver
0%
Achtung Gravy Duvet Day
0%
Achtung Gravy Face Like Thunder
0%
Now't Like the Eighties Fussy Eater
0%
Christmas Cracker Gaviscon Christmas
0%
Christmas Cracker Happy Non Denomination Winter Festival Celebration
0%
A Fistful of Scratchcards I'm Every Bloke
0%
Pot Sounds Indie Disco
0%
Christmas Cracker Its Cliff-mas Time
0%
A Hard Days Pint Kebeblishment
0%
Singalonga Knees Up Jamboree Keep Britain Boozing
0%
Crust For Life Liquid Lunch
0%
Achtung Gravy Lucky Meacock
0%
Never Mind The Hotpots Me PSP
0%
Now't Like the Eighties My Pianist
0%
Achtung Gravy OCD
0%
Pot Sounds On the Box
0%
Never Mind The Hotpots Sat Nav
0%
Achtung Gravy Shopping SOS
0%
A Fistful of Scratchcards Take Off Your Tabard
0%
A Fistful of Scratchcards Talking to Calcutta
0%
A Fistful of Scratchcards The Day the Circus Came to Town
0%
Christmas Cracker The Trafford Centre
0%
Christmas Cracker Without You This Christmas
0%
No matching quizzes found
Score Distribution
Percent of People with Each Score
Percentile by Number Answered
Your Score History
You have not taken this quiz